000 00551nam a22001937a 4500
003 CEME
005 20210628205834.0
008 210317b xxu||||| |||| 00| 0 eng d
020 _a0-07-047818-X
040 _c.
082 _a651.8 ONE
100 _aO'neil, Sharon.Lund
_977204
245 _aOffice information systems concepts and applications
250 _a3RD
260 _aNEWYORK
_bGLENCOE
_c1990
300 _aXVI,352P
650 _aELECTRONIC OFFICE MACHINES BUSINESS-DATA PROCESSING OFFICE PRACTIC-AUTOMATION
_977205
942 _cBK
_2ddc
999 _c582515
_d582515